000 01045cam a2200277 a 4500
001 000018168
003 UkOxU
005 20200929165402.0
008 880808s1960 enk 000 0 eng
035 _aocm00366368
040 _aDO-SdBNP
_bspa
_cWSU
_dSER
_dm.c
_dOCL
_dBNPHU
082 _aD0400073005
_bB845r
100 1 _aBrett, R. L.
_q(Raymond Laurence Brett),
_d1917-1996.
_939373
245 1 0 _aReason & imagination :
_ba study of form and meaning in four poems /
_cR. L. Brett.
246 0 0 _aReason and imagination
260 _aLondon :
_bUniversidad of Hull :
_bOxford University Press,
_c1960.
300 _a143 p. ;
_c23 cm.
500 _aReimpresión, 1968.
600 1 0 _aMilton, John,
_d1608-1674.
_tLycidas
_939374
600 1 0 _aPope, Alexander,
_d1688-1744.
_tEssay on man
_939375
600 1 0 _aColeridge, Samuel Taylor,
_d1772-1834.
_tRime of the ancient mariner
_939376
600 1 0 _aEliot, T. S.
_q(Thomas Stearns),
_d1888-1965.
_tFour quartets
_939377
650 0 _aPoetry
_939378
910 _aCatalogación derivada
049 _aBNGR
999 _c17689
_d17689